Engineering mechanics : statics and dynamics (Record no. 542995)
[ view plain ]
| 000 -LEADER | |
|---|---|
| fixed length control field | 00462 a2200157 4500 |
| 020 ## - INTERNATIONAL STANDARD BOOK NUMBER | |
| International Standard Book Number | 0-13-291548-0 |
| 082 ## - DEWEY DECIMAL CLASSIFICATION NUMBER | |
| Classification number | 620.1 |
| Author Mark | HIB |
| -- | N-2,P-4 |
| 100 ## - MAIN ENTRY--PERSONAL NAME | |
| Personal name | Hibbeler, R.C |
| 9 (RLIN) | 1019 |
| 245 ## - TITLE STATEMENT | |
| Title | Engineering mechanics : statics and dynamics |
| Statement of responsibility, etc. | R.C. Hibbeler. |
| 250 ## - EDITION STATEMENT | |
| Edition statement | 13th ed. |
| 260 ## - PUBLICATION, DISTRIBUTION, ETC. | |
| Place of publication, distribution, etc. | Boston. : |
| Name of publisher, distributor, etc. | Prentice Hall. |
| Date of publication, distribution, etc. | 2013 |
| 300 ## - PHYSICAL DESCRIPTION | |
| Extent | XXI, 736 P. |
| Other physical details | ILL. |
| Dimensions | 28 CM |
| 500 ## - GENERAL NOTE | |
| General note | STATICS AND DYNAMICS |
| 526 ## - STUDY PROGRAM INFORMATION NOTE | |
| Program name | 0 |
| Interest level | 0 |
| Reading level | 0 |
| Title point value | 620_100000000000000_HIB |
| 942 ## - ADDED ENTRY ELEMENTS (KOHA) | |
| Source of classification or shelving scheme | |
| Koha item type | Book Bank |
| Withdrawn status | Lost status | Source of classification or shelving scheme | Damaged status | Not for loan | Permanent Location | Current Location | Date acquired | Total Checkouts | Total Renewals | Full call number | Barcode | Date last seen | Date last checked out | Price effective from | Koha item type |
|---|---|---|---|---|---|---|---|---|---|---|---|---|---|---|---|
| Military College of Engineering (MCE) | Military College of Engineering (MCE) | 02/28/2014 | 20 | 6 | 620.1 HIB | MCE-46139 | 11/20/2020 | 09/18/2020 | 03/14/2021 | Book Bank |
